Hướng dẫn lập, đọc và phân tích báo cáo tài chính, báo cáo kế toán quản trị
Tổng quan về hệ thống báo cáo kế toán, chuẩn mực kế toán và chế độ kế toán liên quan đến báo cáo tài chính doanh nghiệp, các quy định báo cáo tài chính; hệ thống báo cáo tài chính áp dụng cho các doanh nghiệp......
Tallennettuna:
| Päätekijä: | |
|---|---|
| Aineistotyyppi: | Kirja |
| Kieli: | Undetermined |
| Julkaistu: |
Hà Nội
Tài chính
2009
|
| Aiheet: | |
| Tagit: |
Lisää tagi
Ei tageja, Lisää ensimmäinen tagi!
|
| Thư viện lưu trữ: | Trung tâm Học liệu Trường Đại học Cần Thơ |
|---|
| LEADER | 00973nam a2200205Ia 4500 | ||
|---|---|---|---|
| 001 | CTU_157587 | ||
| 008 | 210402s9999 xx 000 0 und d | ||
| 020 | |c 67000 | ||
| 082 | |a 657.2 | ||
| 082 | |b Nh300/2009 | ||
| 100 | |a Võ, Văn Nhị | ||
| 245 | 0 | |a Hướng dẫn lập, đọc và phân tích báo cáo tài chính, báo cáo kế toán quản trị | |
| 245 | 0 | |c Võ Văn Nhị | |
| 260 | |a Hà Nội | ||
| 260 | |b Tài chính | ||
| 260 | |c 2009 | ||
| 520 | |a Tổng quan về hệ thống báo cáo kế toán, chuẩn mực kế toán và chế độ kế toán liên quan đến báo cáo tài chính doanh nghiệp, các quy định báo cáo tài chính; hệ thống báo cáo tài chính áp dụng cho các doanh nghiệp... | ||
| 650 | |a Accounting management,Kế toán quản trị | ||
| 910 | |a Nguyên | ||
| 980 | |a Trung tâm Học liệu Trường Đại học Cần Thơ | ||